|
|
|
|
| LEADER |
01585nam a2200277 a 4500 |
| 001 |
2121771 |
| 008 |
090726s1996 bg ab bs 001 0 eng d |
| 010 |
|
|
|a 96906799
|
| 020 |
|
|
|a 984510004X
|
| 040 |
|
|
|a DLC
|c DLC
|
| 082 |
0 |
0 |
|a 306/.095492/2
|2 21
|
| 100 |
1 |
|
|a Islam, Nazrul.
|
| 245 |
1 |
0 |
|a Dhaka :
|b from city to megacity : perspectives on people, places, planning, and development issues /
|c Nazrul Islam.
|
| 260 |
|
|
|a Dhaka :
|b Urban Studies Programme, Dept. of Geography, University of Dhaka,
|c 1996.
|
| 300 |
|
|
|a xv, 255 p. :
|b ill., maps ;
|c 22 cm.
|
| 490 |
0 |
|
|a Bangladesh urban studies series ;
|v no. 1
|
| 504 |
|
|
|a Includes bibliographical references (p. [237]-242) and index.
|
| 541 |
1 |
|
|e 00006554
|
| 651 |
|
0 |
|a Dhaka (Bangladesh)
|x Social conditions.
|
| 710 |
2 |
|
|a University of Dhaka.
|b Urban Studies Programme.
|
| 852 |
4 |
|
|a Ayesha Abed Library
|j General Shelf.
|
| 999 |
|
|
|c 2866
|d 2866
|
| 952 |
|
|
|0 0
|1 0
|2 ddc
|4 0
|6 306_095492200000000_ISL_1996
|7 0
|9 2615
|a BRACUL
|b BRACUL
|c GEN
|d 2009-07-27
|g 300.00
|l 0
|o 306.0954922 ISL
|p 3010006554
|r 2009-07-27
|t 1
|v 600.00
|w 2009-07-27
|y BK
|
| 952 |
|
|
|0 0
|1 0
|2 ddc
|4 0
|6 306_095492200000000_ISL
|7 0
|9 22688
|a BRACUL
|b BRACUL
|c GEN
|d 2013-06-13
|l 2
|m 4
|o 306.0954922 ISL
|p 3010007083
|r 2015-08-10
|s 2015-07-14
|t 2
|w 2013-06-13
|y BK
|
| 952 |
|
|
|0 0
|1 0
|2 ddc
|4 0
|6 306_095492200000000_ISL
|7 0
|9 24370
|a BRACUL
|b BRACUL
|c GEN
|d 2014-05-28
|l 4
|m 4
|o 306.0954922 ISL
|p 3010006355
|r 2018-04-01
|s 2018-02-13
|t 3
|w 2014-05-28
|y BK
|
| 952 |
|
|
|0 0
|1 0
|2 ddc
|4 0
|6 306_000000000000000__095492_2_ISL
|7 0
|9 43352
|a SCL
|b SCL
|c GEN
|d 1999-03-13
|g 300.00
|l 0
|o 306.0954922 ISL
|p 3020001680
|r 2014-07-22
|t 4
|w 2014-07-22
|y BK
|